000 00658nam a22002057a 4500
999 _c3799
_d3799
001 18501
003 BD-DhUAP
005 20200312120548.0
008 200312s2004 enk |||| |||| 001 0 eng d
020 _a9780140424423
040 _aBD-DhUAP
_bEng
_cBD-DhUAP
_dBD-DhUAP
082 _223
_a821.7 WOR
100 _aWordsworth, William.
245 _aWilliam Wordsworth :
_bselected poems /
_cWilliam Wordsworth ; Edited and with an introduction and notes by Stephen Gill.
260 _aEngland :
_bPenguin Books,
_cc2004.
300 _axxxiii, 314 pages ;
_c20 cm.
600 _aWordsworth, William,
_d1770-1850.
700 _aGill, Stephen
942 _2ddc
_cBK